Návrh a merania na prototype veternej turbíny s vertikálnou osou otáčania

Gespeichert in:
Bibliographische Detailangaben
1. Verfasser: Ondraščin, Martin (Verfasst von)
Weitere Verfasser: Bereznai, Jozef (Betreuung Doktorarbeit)
Format: Manuskript Buch
Sprache:Slowakisch
Veröffentlicht: 2016
Schlagworte:
Online-Zugang:http://is.stuba.sk/zp/portal_zp.pl?podrobnosti=133188
Tags: Tag hinzufügen
Keine Tags, Fügen Sie das erste Tag hinzu!

MARC

LEADER 00000ntm a22000003a 4500
001 stuzp57829
003 SK-STU
005 20160719155356.9
007 ta
008 150427s2015----xo-----f-mn---000-0-slo-d
040 |a STU  |b slo 
041 0 |a slo 
100 1 |a Ondraščin, Martin  |u 020060  |4 aut  |U SjF Strojnícka fakulta  |T SjF Ústav energetických strojov a zariadení  |X 55109  |U J0060  |Y 805  |7 55109 
242 0 1 |a Design and measurement on prototype of vertical axis wind turbine with blade positioning  |y eng 
245 1 0 |a Návrh a merania na prototype veternej turbíny s vertikálnou osou otáčania 
260 |c 2016 
650 4 |a veterná turbína s vertikálnou osou otáčania  |2 slo 
650 4 |a VAWT  |2 slo 
650 4 |a veterná turbína  |2 slo 
650 4 |a wind turbine  |2 eng 
650 4 |a vertical axis wind turbine  |2 eng 
650 4 |a VAWT  |2 eng 
700 1 |a Bereznai, Jozef  |u 020060  |k Z1  |4 ths  |U SjF Strojnícka fakulta  |T SjF Ústav energetických strojov a zariadení  |X 13853  |U J0060  |Y 805  |7 A000013853 
856 4 |u http://is.stuba.sk/zp/portal_zp.pl?podrobnosti=133188 
SQL |a stuzp57829  |b DBP  |c SLO  |d Návrh a merania na prototype veternej turbíny s vertikálnou osou otáčania  |e 55109  |f Ondraščin, Martin  |g 020060  |h 13853  |i Bereznai, Jozef  |j 20160613  |k 1126  |l 02  |m http://is.stuba.sk/zp/portal_zp.pl?podrobnosti=133188  |n B-ESZ  |o 5.2.6. energetické stroje a zariadenia